Les films de Dany Boon - Statistiques

Statistiques générales
  • Ce quiz a été pris 29 fois
  • Le résultat moyen est 19 sur 40
Statistiques - réponses
Question Tuile Select % Correct
8, rue de l'Humanité ACTEUR Oui
89%
Supercondriaque ACTEUR Oui
75%
Bienvenue chez les Chtis ACTEUR Oui
75%
Le code a changé SCENARISTE Non
68%
Une belle course PRODUCTEUR Non
64%
Une belle course REALISATEUR Non
64%
Rien à déclarer ACTEUR Oui
61%
Le code a changé PRODUCTEUR Non
61%
La Ch'tite famille ACTEUR Oui
57%
8, rue de l'Humanité PRODUCTEUR Non
57%
Le code a changé REALISATEUR Non
57%
Ma famille l'adore déjà ! REALISATEUR Non
57%
La maison du bonheur ACTEUR Oui
54%
Supercondriaque REALISATEUR Oui
54%
La Ch'tite famille REALISATEUR Oui
54%
Eyjafjallajökull REALISATEUR Non
54%
Eyjafjallajökull ACTEUR Oui
50%
Bienvenue chez les Chtis PRODUCTEUR Non
50%
Une belle course SCENARISTE Non
50%
La maison du bonheur PRODUCTEUR Non
46%
8, rue de l'Humanité REALISATEUR Oui
46%
Ma famille l'adore déjà ! SCENARISTE Non
46%
Eyjafjallajökull SCENARISTE Non
46%
Une belle course ACTEUR Oui
39%
Le code a changé ACTEUR Oui
39%
La Ch'tite famille PRODUCTEUR Oui
36%
Eyjafjallajökull PRODUCTEUR Oui
36%
Bienvenue chez les Chtis REALISATEUR Oui
36%
8, rue de l'Humanité SCENARISTE Oui
36%
Supercondriaque SCENARISTE Oui
36%
La maison du bonheur SCENARISTE Oui
36%
La maison du bonheur REALISATEUR Oui
32%
Bienvenue chez les Chtis SCENARISTE Oui
32%
La Ch'tite famille SCENARISTE Non
32%
Rien à déclarer SCENARISTE Oui
32%
Ma famille l'adore déjà ! ACTEUR Non
29%
Ma famille l'adore déjà ! PRODUCTEUR Oui
25%
Rien à déclarer PRODUCTEUR Oui
21%
Rien à déclarer REALISATEUR Oui
21%
Supercondriaque PRODUCTEUR Oui
18%
Aucun quiz correspondant
Distribution des résultats
% des personnes avec chaque résultat
Percentile par nombre de réponses
Votre historique - résultats
Vous n’avez pas pris ce quiz